LEADER 00955nam1 2200361 450 001 990000798460203316 035 $a0079846 035 $aUSA010079846 035 $a(ALEPH)000079846USA01 035 $a0079846 100 $a20011210d--------km-y0itay0103----ba 101 $aita 102 $aIT 105 $a||||||||001yy 200 1 $a<> mondo degli antichi$fdirezione di Guido Clemente e Andrea Giardina 205 $a2. ed. 210 $aRoma$cLaterza 215 $av.$d18 cm 410 $12001 606 0 $aStoria antica 676 $a930 702 1$aCLEMENTE,$bGuido 702 1$aGIARDINA,$bAndrea 801 0$aIT$bsalbc$gISBD 912 $a990000798460203316 951 $aVARIE COLL. 9$bLM$cVARIE COLL. 959 $aBK 969 $aUMA 979 $aPATTY$b90$c20011210$lUSA01$h1055 979 $c20020403$lUSA01$h1726 979 $aPATRY$b90$c20040406$lUSA01$h1655 996 $aMondo degli antichi$998022 997 $aUNISA LEADER 04419nam 2200709Ia 450 001 9910450871603321 005 20200520144314.0 010 $a0-19-756052-0 010 $a1-280-52713-7 010 $a9786610527137 010 $a0-19-535889-9 010 $a1-4294-0787-5 035 $a(CKB)1000000000406015 035 $a(EBL)271224 035 $a(OCoLC)270932816 035 $a(SSID)ssj0000128073 035 $a(PQKBManifestationID)11147845 035 $a(PQKBTitleCode)TC0000128073 035 $a(PQKBWorkID)10064184 035 $a(PQKB)11375441 035 $a(MiAaPQ)EBC271224 035 $a(StDuBDS)EDZ0002341666 035 $a(Au-PeEL)EBL271224 035 $a(CaPaEBR)ebr10142127 035 $a(CaONFJC)MIL52713 035 $a(OCoLC)936850575 035 $a(EXLCZ)991000000000406015 100 $a19930416d1993 uy 0 101 0 $aeng 135 $aur|n|---||||| 181 $ctxt 182 $cc 183 $acr 200 00$aComputers in geology$b[electronic resource] $e25 years of progress /$fedited by John C. Davis, Ute Christina Herzfeld 210 $aNew York $cOxford University Press$d1993 215 $a1 online resource (317 p.) 225 1 $aInternational Association for Mathematical Geology studies in mathematical geology ;$v5 300 $aPreviously issued in print: 1993. 311 $a0-19-508593-0 320 $aIncludes bibliographical references and index. 327 $aContents; 1. Introduction; 2. Weights of Evidence Modeling and Weighted Logistic Regression for Mineral Potential Mapping; 3. Gold Prospecting with Factorial Cokriging in the Limousin, France; 4. Recent Experiences with Prospector II; 5. Correspondence Analysis in Heavy Mineral Interpretation; 6. Mathematics Between Source and Trap: Uncertainty in Hydrocarbon Migration Modeling; 7. Risk Analysis of Petroleum Prospects; 8. Characteristic Analysis as an Oil Exploration Tool; 9. Information Management and Mapping System for Subsurface Stratigraphic Analysis 327 $a10. Automated Correlation Based on Markov Analysis of Vertical Successions and Walther's Law11. Milankovitch Cyclicity in the Stratigraphic Record-A Review; 12. Can the Ginsburg Model Generate Cycles?; 13. Quantitative Genetics in Paleontology: Evolution in Tertiary Ostracoda; 14. An Integrated Approach to Forward Modeling Carbonate Platform Development; 15. Principal Component Analysis of Three-Way Data; 16. A Solution to the Percentage-Data Problem in Petrology; 17. Amplitude and Phase in Map and Image Enhancement; 18. Fractals in Geosciences-Challenges and Concerns 327 $a19. An Executable Notation, with Illustrations from Elementary Crystallography20. Uncertainty in Geology; 21. Expert Systems in Environmental Geology; 22. From Multivariate Sampling to Thematic Maps with an Application to Marine Geochemistry; 23. The Kinematics of Paleo Landforms; 24. R. G .V. Eigen: Legendary Father of Mathematical Geology; Index 330 8 $aThis volume vividly demonstrates the importance and increasing breadth of quantitative methods in the earth sciences. With contributions from an international cast of leading practitioners, chapters cover a wide range of state-of-the-art methods and applications, including computer modeling and mapping techniques. Many chapters also contain reviews and extensive bibliographies which serve to make this an invaluable introduction to the entire field. In addition to its detailed presentations, the book includes chapters on the history of geomathematics and on R.G.V. Eigen, the "father" of mathematical geology. Written to commemorate the 25th anniversary of the International Association for Mathematical Geology, the book will be sought after by both practitioners and researchers in all branches of geology. 410 0$aStudies in mathematical geology ;$v5. 606 $aGeology$xData processing 606 $aGeology$xMathematics$xData processing 608 $aElectronic books. 615 0$aGeology$xData processing. 615 0$aGeology$xMathematics$xData processing. 676 $a550.285 676 $a550/.285 676 $a551.0285 701 $aDavis$b John C$0204476 701 $aHerzfeld$b Ute Christina$0971205 801 0$bMiAaPQ 801 1$bMiAaPQ 801 2$bMiAaPQ 906 $aBOOK 912 $a9910450871603321 996 $aComputers in geology$92207703 997 $aUNINA LEADER 03837nam 2200673Ia 450 001 9910779118903321 005 20200520144314.0 010 $a1-280-99897-0 010 $a9786613770585 010 $a0-8108-8549-2 035 $a(CKB)2550000000105214 035 $a(EBL)967440 035 $a(SSID)ssj0000736620 035 $a(PQKBManifestationID)12249552 035 $a(PQKBTitleCode)TC0000736620 035 $a(PQKBWorkID)10772350 035 $a(PQKB)10259527 035 $a(MiAaPQ)EBC967440 035 $a(Au-PeEL)EBL967440 035 $a(CaPaEBR)ebr10580456 035 $a(CaONFJC)MIL377058 035 $a(OCoLC)828617296 035 $a(EXLCZ)992550000000105214 100 $a20120509d2012 uy 0 101 0 $aeng 135 $aur|n|---||||| 181 $ctxt 182 $cc 183 $acr 200 10$aBuilding a better Chinese collection for the Library of Congress$b[electronic resource] $eselected writings /$fChi Wang 210 $aLanham, Md. $cScarecrow Press, Inc.$d2012 215 $a1 online resource (217 p.) 300 $aDescription based upon print version of record. 311 $a0-8108-8548-4 320 $aIncludes bibliographical references and index. 327 $aContents; Preface; 1 Building a Better Chinese Collection; 2 Possibilities for Future Book Exchanges and Other Findings from Trip to China, 1972; 3 Follow-Up Observations on China's Libraries and Publishing Activities, 1973; 4 Libraries and Library Collections in China and Hong Kong; 5 Chinese Knowledge of the United States: A Preliminary Survey, 1980; 6 Report on Trip to Chinese Film Festival; 7 Chinese-Character Encoding Methods and Library Automation; 8 The Challenges of Collection and Facility Management for China's Libraries, 1984 327 $a9 The Early History and Development of the Library of Congress Chinese Collection, 198410 Conducting Research on China; 11 The Teaching of U.S. History in the People's Republic of China, 1985; 12 Tracing the History of Libraries and Archives in China, June 28, 1989; 13 Library of Congress Chinese Collection; 14 The Chinese University of Hong Kong; 15 Developments and Trends in Publishing in the People's Republic of China; Appendix A: Testimony before Congress on the State of the Library of Congress Chinese-Language Collection 327 $aAppendix B: Comments on the Proposed Reorganization of the Library of Congress Asian Division, Spring 2003Appendix C: Recognition by CEAL for Contributions and Service to East Asian Libraries; Index; About the Author 330 $aIn this collection of essays written by the former head of the Library of Congress Chinese Collection, Chi Wang chronicles the modest beginnings of the Chinese Collection at the Library of Congress and his crusade to transform it into the largest collection and Chinese cultural presence outside Asia. Select writings discuss publication and personnel exchanges with Chinese academic libraries, Chinese character encoding and library automation, and publishing activities in China. 606 $aChinese imprints 606 $aBook industries and trade$zChina$xHistory$y20th century 606 $aLibraries$zChina$xHistory$y20th century 606 $aScholars$zUnited States$vBiography 607 $aChina$xLibrary resources 607 $aUnited States$xRelations$zChina 607 $aChina$xRelations$zUnited States 615 0$aChinese imprints. 615 0$aBook industries and trade$xHistory 615 0$aLibraries$xHistory 615 0$aScholars 676 $a026.951 700 $aWang$b Chi$f1932-$01524291 801 0$bMiAaPQ 801 1$bMiAaPQ 801 2$bMiAaPQ 906 $aBOOK 912 $a9910779118903321 996 $aBuilding a better Chinese collection for the Library of Congress$93765066 997 $aUNINA